000 00305nam a22001337a 4500
008 221104b ||||| |||| 00| 0 eng d
041 _aeng
080 _2SECOND EDITION
_a004
082 _a004 MEM
100 _a331
101 _aBURIME
245 _aDISCOVERING ARGUMENTS
_cMEMERING D
942 _2udc
_cBK
999 _c58731
_d58731